Star Wars : La Revanche des Sith - Ordre chronologique - Statistiques

Statistiques générales
  • Ce quiz a été pris 361 fois
  • Le résultat moyen est 7 sur 15
Statistiques - réponses
Hint Réponse % Correct
Scène 1 Obi-Wan Kenobi et Anakin Skywalker abordent le vaisseau du Général Grievous.
84%
Scène 2 Anakin exécute le Comte Dooku.
81%
Scène 3 Anakin fait son rêve sur la mort de Padmé et en discute avec elle.
74%
Scène 4 Palpatine raconte à Anakin la légende de Dark Plagueis le Sage.
64%
Scène 5 Obi-Wan détruit le Général Grievous.
57%
Scène 6 Palpatine tue Mace Windu.
49%
Scène 7 Anakin s’engage en tant que Dark Vador.
45%
Scène 8 L’Ordre 66 débute.
43%
Scène 9 Dark Vador massacre les dirigeants séparatistes sur Mustafar.
36%
Scène finale Les jumeaux rejoignent leurs nouveaux parents.
36%
Scène 14 Funérailles de Padmé.
33%
Scène 13 Luke et Leia naissent mais Padmé meurt.
33%
Scène 12 Obi-Wan bat Dark Vador.
31%
Scène 11 Yoda défie Sidious mais faillit à sa mission et se voit contraint à l'exil.
31%
Scène 10 Début du combat entre Dark Vador et Obi-Wan.
28%
Aucun quiz correspondant
Distribution des résultats
% des personnes avec chaque résultat
Percentile par nombre de réponses
Votre historique - résultats
Vous n’avez pas pris ce quiz